000 00407nam a2200169Ia 4500
003 LK-CoDNM
005 20240910114913.0
008 010623t xxu||||| |||| 00| 1 eng d
040 _aLK-CoDNM
_dLK-CoDNM
_eLK-CoDNM
041 _aeng
080 _a6
_bJ52.1
100 _aPieris, P.E.
245 _aPortugal in Ceylon 1505-1658
260 _bC.A.C. Press
_aColombo
300 _b18p. : 22 cm
942 _cBK
999 _c135343
_d135343